Be More Chill Characters - Statistics

General Stats
  • This quiz has been taken 1,739 times
  • The average score is 10 of 11
Answer Stats
Answer % Correct
Jeremy Heere
99%
Michael Mell
98%
Rich Goranski
97%
Christine Canigula
96%
Jake Dillinger
95%
Brooke Lohst
94%
The SQUIP
91%
Chloe Valentine
90%
Jenna Roland
90%
Mr. Heere
78%
Mr. Reyes
65%
No matching quizzes found
Score Distribution
Percent of People with Each Score
Percentile by Number Answered
Your Score History
You have not taken this quiz